Normal view
MARC view
- SAAD ARIF
Entry Personal Name
001 - CONTROL NUMBER
- control field: 72819
003 - CONTROL NUMBER IDENTIFIER
- control field: NUST
005 - DATE AND TIME OF LATEST TRANSACTION
- control field: 20210628204919.0
008 - FIXED-LENGTH DATA ELEMENTS
- fixed length control field: 210628|| aca||aabn | a|a d
040 ## - CATALOGING SOURCE
- Original cataloging agency: NUST
- Transcribing agency: NUST
100 ## - HEADING--PERSONAL NAME
- Personal name: SAAD ARIF
670 ## - SOURCE DATA FOUND
- Source citation: Work cat.: (NUST): SAAD ARIF, TH-SOF-0776-DESIGN AND SIMULATION OF EMBEDDED MOTION CONTROL SYSTEM BASED ON INTELLIGENT COUSRSE CONRROL TECHNOLOGY, 2001
